000 00308nam a22001097a 4500
082 _a001
_bNAT/Q-2
245 _aWUIZ WHIZ: SUPER FUN MIND-BENDING TOTALLY AWESOME TRIVIA QUESTIONS
260 _aWASHINGTON
_bNATIONAL GEOGRAPHIC SOCIETY
300 _a170
650 _aGENERAL KNOWLEDGE
_zWASHINGTON
942 _cBK
999 _c2073
_d2073